Taylor Swift - Devine les chansons par leurs 1ère phrases #17 - Statistiques

Statistiques générales
  • Ce quiz a été pris 113 fois
  • Le résultat moyen est 5 sur 10
Statistiques - réponses
Hint Réponse % Correct
Quick, quick I Hate It Here
78%
I blew things out of proportion, now you're blue Afterglow
71%
"Your ex-friend's sister Paris
64%
This happens once every few lifetimes The Alchemy
60%
I can see you standing, honey exile
56%
When the dinner is cold and the chatter gets old it’s time to go
44%
He says he doesn't believe anything much he hears these days Forever Winter
31%
My cards are on the table, yours are in your hand Foolish One
30%
***, she paces the floor When Emma Falls In Love
24%
I like the way you sound in the morning Jump Then Fall
21%
Aucun quiz correspondant
Distribution des résultats
% des personnes avec chaque résultat
Percentile par nombre de réponses
Votre historique - résultats
Vous n’avez pas pris ce quiz